Jurisprudence / (Record no. 104703)

MARC details
000 -LEADER
fixed length control field 00614nam a22002057a 4500
005 - DATE AND TIME OF LATEST TRANSACTION
control field 20230317125406.0
010 ## - LCCN (DPL NO)
LC control number ENG-116608
020 ## - INTERNATIONAL STANDARD BOOK NUMBER
International Standard Book Number 9789351437925
Terms of availability 180.00
035 ## - SYSTEM CONTROL NUMBER
System control number EN-100140
037 ## - SOURCE OF ACQUISITION
Source of stock number/acquisition DBAD/PUB
082 ## - DEWEY DECIMAL CLASSIFICATION NUMBER
Classification number 340
100 ## - MAIN ENTRY--PERSONAL NAME
Personal name Rosedar S.R.A.
245 ## - TITLE STATEMENT
Title Jurisprudence /
Statement of responsibility, etc By Rosedar S.R.A.
250 ## - EDITION STATEMENT
Edition statement 2nd ed.
260 ## - PUBLICATION, DISTRIBUTION, ETC. (IMPRINT)
Place of publication, distribution, etc Gurgaon
Name of publisher, distributor, etc LexisNexis
Date of publication, distribution, etc 2016
270 ## - ADDRESS
Address 14th Floor, Building No.10, Tower-B, DLF Cyber City, Phase-II
City Gurgaon
Postal code 122002
300 ## - PHYSICAL DESCRIPTION
Extent xxii,164p.
Dimensions 22cm(pbk)
490 ## - SERIES STATEMENT
Series statement LexisNexis Q & A quick references guide
942 ## - ADDED ENTRY ELEMENTS (KOHA)
Source of classification or shelving scheme Dewey Decimal Classification
Item type English Books
Call number suffix ROS
Classification part 340
Holdings
Withdrawn status Lost status Not for loan Collection code Home library Current library Date acquired Source of acquisition Cost, normal purchase price Full call number Barcode Copy number Cost, replacement price Koha item type
      Non-fiction Katevara Katevara 22/11/2016 DBAD/PUB 150.00 340 ROS EN-100140 1 150.00 English Books

© Delhi Public Library
Hit Counter
free hit counter